| Tag |
First Indicator |
Second Indicator |
Subfields |
| LEADER |
00000pam a2200000 a 4500 |
| 001 |
in00000071798 |
| 005 |
20151008062410.0 |
| 008 |
781205s1979 ilu 00110 engm |
| 010 |
|
|
|a 78020848
|
| 020 |
|
|
|a 067315100X :
|c $7.95
|
| 035 |
|
|
|a (OCoLC)04516060
|
| 035 |
|
|
|9 AAK0145AM
|
| 040 |
|
|
|a DLC
|c DLC
|d m.c.
|d TXA
|d UtOrBLW
|
| 049 |
|
|
|a TXAM
|c [932725]
|
| 050 |
0 |
0 |
|a PE1408
|b .C5945
|
| 082 |
0 |
|
|a 808/.042
|
| 100 |
1 |
|
|a Corder, Jim W.
|q (Jim Wayne),
|d 1929-
|
| 245 |
1 |
0 |
|a Contemporary writing :
|b process & practice /
|c Jim W. Corder.
|
| 264 |
|
1 |
|a Glenview, Ill. :
|b Scott, Foresman,
|c [1979]
|
| 264 |
|
4 |
|c ©1979
|
| 300 |
|
|
|a 493 pages ;
|c 25 cm.
|
| 336 |
|
|
|a text
|b txt
|2 rdacontent
|
| 337 |
|
|
|a unmediated
|b n
|2 rdamedia
|
| 338 |
|
|
|a volume
|b nc
|2 rdacarrier
|
| 500 |
|
|
|a Includes index.
|
| 650 |
|
0 |
|a English language
|x Rhetoric.
|
| 999 |
|
|
|a MARS
|
| 999 |
f |
f |
|s 5d3e4c44-38d4-3c04-bd42-357a45dbc745
|i 313e3980-f477-3867-be4b-3a3cc8c66ad0
|t 0
|
| 952 |
f |
f |
|p ric
|a Texas A&M University
|b Rellis Campus
|c Joint Library Facility
|s JLF
|d Remote Storage
|t 0
|e PE1408 .C5945
|h Library of Congress classification
|i unmediated -- volume
|m A14806174757
|
| 998 |
f |
f |
|a PE1408 .C5945
|t 0
|l Remote Storage
|